| 000 | 00566nam a2200145Ia 4500 | ||
|---|---|---|---|
| 008 | 090124s9999 xx 000 0 und d | ||
| 082 | _b34044 | ||
| 245 | _a रवींद्र मेस्त्री एक कलंदर कलावंत | ||
| 250 | _a1 | ||
| 260 |
_bमगदूम संजीव _c2007 |
||
| 300 | _a100 | ||
| 630 | _a रवींद्र मेस्त्री एक कलंदर कलावंत | ||
| 730 | _a रवींद्र मेस्त्री एक कलंदर कलावंत | ||
| 942 | _cBOOK | ||
| 999 |
_c196706 _d196706 |
||